书目信息 |
| 题名: |
利比亚史
|
|
| 作者: | 圣约翰 著 ;韩志斌 译 | |
| 分册: | ||
| 出版信息: | 上海 东方出版中心 2015 |
|
| 页数: | 263页 | |
| 开本: | 23cm | |
| 丛书名: | ||
| 单 册: | ||
| 中图分类: | K413.0 | |
| 科图分类: | ||
| 主题词: | ||
| 电子资源: | ||
| ISBN: | 978-7-5473-0790-8 | |
| 000 | 00983nam0 22002771 450 | |
| 001 | 0120082242 | |
| 005 | 20170320082242.0 | |
| 010 | @a978-7-5473-0790-8@dCNY32.00 | |
| 100 | @a20150709d2015 em y0chiy50 ea | |
| 101 | 1 | @achi@ceng |
| 102 | @aCN@b310000 | |
| 105 | @aab z 001yy | |
| 106 | @ar | |
| 200 | 1 | @a利比亚史@9li bi ya shi@dLibya: from colony to independence@f罗纳德·布鲁斯·圣约翰著@zeng@g韩志斌译 |
| 210 | @a上海@c东方出版中心@d2015 | |
| 215 | @a263页@c图,地图@d23cm | |
| 300 | @a东方·剑桥世界历史文库 | |
| 330 | @a本书试图在可涉及的空间内,对利比亚的经济史、社会史、文化史、外交史与政治史有一个全面、综合的解读。 | |
| 500 | 10 | @a利比亚史@Ali bi ya shi |
| 510 | 1 | @aLibya: from colony to independence@zeng |
| 607 | @a利比亚@Ali bi ya@x历史 | |
| 690 | @aK413.0@v5 | |
| 701 | 0 | @c( )@a圣约翰@9sheng yue han@c(St John, Ronald Bruce)@4著 |
| 702 | 0 | @a韩志斌@9han zhi bin@f(1975~)@4译 |
| 801 | 0 | @aCN@bTANGWEI@c20170308 |
| 905 | @b0957375-7@dK413.0@e3@f3 | |
| 利比亚史=Libya: from colony to independence/罗纳德·布鲁斯·圣约翰著/韩志斌译.-上海:东方出版中心,2015 |
| 263页:图,地图;23cm |
| 东方·剑桥世界历史文库 |
| ISBN 978-7-5473-0790-8:CNY32.00 |
| 本书试图在可涉及的空间内,对利比亚的经济史、社会史、文化史、外交史与政治史有一个全面、综合的解读。 |
| ● |
| 相关链接 |
|
|
|
|
正题名:利比亚史
索取号:K413.0/3
 
预约/预借
| 序号 | 登录号 | 条形码 | 馆藏地/架位号 | 状态 | 备注 |
| 1 | 0957375 | 209573754 | 第二样本阅览室/ [索取号:K413.0/3] | 在馆 | |
| 2 | 0957376 | 209573763 | 第二借阅区/ [索取号:K413.0/3] | 在馆 | |
| 3 | 0957377 | 209573772 | 第二借阅区/ [索取号:K413.0/3] | 在馆 |